Tractatus de vita, mysteriis, et annis Jesu Christi, servatoris nostri, contra infideles, Judaeos, et haeretico,...

Detalles Bibliográficos
Autor principal: AMAT De GRAVESON, Ignacio Jacinto
Formato: Libro
Publicado: Venecia 1728
Materias:
Colección:Banco de datos
Acervo:Biblioteca del Convento de San Pablo. Yuririahupándaro. Guanajuato
Descripción Física:t. II
Tema general:Apologética
Notas:Regular. Encuadernado con los t. I y III. 2B, 1, 26 (1B1/7-17).
LEADER 00793nam a22002050004500
035 |a 34447 
036 |a 88 
100 1 |a AMAT De GRAVESON, Ignacio Jacinto 
245 1 0 |a Tractatus de vita, mysteriis, et annis Jesu Christi, servatoris nostri, contra infideles, Judaeos, et haeretico,... 
260 |a Venecia  |b Juan Bautista Recurti imp.  |c 1728 
300 |a t. II 
500 |a Regular. Encuadernado con los t. I y III. 2B, 1, 26 (1B1/7-17). 
650 1 0 |a Apologética 
949 |a CRG-CY 
959 |a Ex convento de San Pablo, Museo Regional de Yuririahpúndaro, Guanajuato  |b CCC9 
960 |a Convento San Pablo Yuririahpúndaro, Guanajuato  |b DD86 
961 |a Agustina  |b OA 
942 |c CRG-CY 
943 |g Biblioteca del Convento de San Pablo. Yuririahupándaro. Guanajuato 
999 |c 955113  |d 955113